000 00782nas a2200253 4500
001 BR6600278
003 BR-BrBNA
005 20240408152246.0
007 ta
008 230509b bl.|||p| |||| 00| 00por d
040 _aBR-BrBNA
_bpor
_cBiblioteca Nacional de Agricultura
041 _a(Pt)
072 _aF10
100 1 _aMota, F.S. da
100 1 _aGoedert, C.O.
245 1 _aEvapotranspiracao potencial no Rio Grande do Sul [Brasil]
650 _aEVAPOTRANSPIRACAO
650 _aUMIDADE AMBIENTE
650 _aMETEOROLOGIA
650 _aRIO GRANDE DO SUL
773 0 _tPesquisa Agropecuaria Brasileira (Brazil)
_xISSN 0100-204X
_g(1966), v. 1 p. 155-163
_wBR6600278
856 _uhttps://seer.sct.embrapa.br/index.php/pab/article/view/18007/12072
942 _2AGRIS
_n0
_cANA
999 _c90135
_d90135